000 01032nam a22003017a 4500
003 CHAP
005 20220817042741.0
008 971013s r 10010 d
010 _a54399
011 _a55371
035 _a59523
040 _cCHAP
082 _a620.7
_bS4 1977
111 0 0 _aSeminario Latinoamericano UPADI-UNESCO sobre la Cooperación entre las Instituciones de Enseñanza y la Industria en la Formación de Ingenieros (
_n2
_d: 1977
_c: México, D.F.)
_9104196
245 _aMemoria
260 _a(s.l.) :
_b(s.e.),
_c(s.a.)
300 _a351 p.
590 _aBATCH-UPD
_b10
_c20130110
_lUCH01
_h0545
590 _aBATCH-UPD
_b10
_c20130410
_lUCH01
_h0226
590 _aBATCH-UPD
_b10
_c20130914
_lUCH01
_h1245
590 _aCONVERSION
_b10
_c20130109
_lUCH01
_h1329
650 1 4 _aEducación superior
_xCongresos.
_935617
650 1 4 _aIngeniería
_xEstudio y enseñanza.
_958181
710 _aUNESCO
901 _aBK
942 _cLIBRO
949 _a620.7 S4 1977
_bBC
_cLIBRO
_d33724000280046
_eLIBRO
_h44641
_i59523
_si
999 _c54399
_d54399